Carbon Isotopic Composition of Extracts from the Rocks of the Bazhenov Formation of Various Catagenesis; 29th International Meeting on Organic Geochemistry, IMOG 2019

Podrobná bibliografie
Parent link:29th International Meeting on Organic Geochemistry, IMOG 2019.— 2019.— [2 p.]
Korporativní autor: Национальный исследовательский Томский политехнический университет Инженерная школа природных ресурсов Отделение геологии
Další autoři: Goncharov I. V. Ivan Vasilyevich, Samoilenko (Samoylenko) V. V. Vadim Valerievich, Veklich M. A. Maksim Aleksandrovich, Zherdeva A. V. Aleksandra Valerievna, Shadrina E. S.
Shrnutí:Title screen
Jazyk:angličtina
Vydáno: 2019
Témata:
On-line přístup:https://doi.org/10.3997/2214-4609.201902916
Médium: MixedMaterials Elektronický zdroj Kapitola
KOHA link:https://koha.lib.tpu.ru/cgi-bin/koha/opac-detail.pl?biblionumber=662302

MARC

LEADER 00000naa0a2200000 4500
001 662302
005 20250812110911.0
035 |a (RuTPU)RU\TPU\network\33439 
035 |a RU\TPU\network\30255 
090 |a 662302 
100 |a 20200713d2019 k||y0rusy50 ba 
101 0 |a eng 
102 |a NL 
135 |a drcn ---uucaa 
181 0 |a i  
182 0 |a b 
200 1 |a Carbon Isotopic Composition of Extracts from the Rocks of the Bazhenov Formation of Various Catagenesis  |f I. V. Goncharov, V. V. Samoilenko (Samoylenko), M. A. Veklich [et al.] 
203 |a Text  |c electronic 
300 |a Title screen 
463 |t 29th International Meeting on Organic Geochemistry, IMOG 2019  |o Conference Proceedings, September 1-6, 2019, Gothenburg, Sweden  |v [2 p.]  |d 2019 
610 1 |a электронный ресурс 
610 1 |a труды учёных ТПУ 
610 1 |a изотопный состав 
610 1 |a углерод 
610 1 |a баженовская свита 
610 1 |a катагенез 
701 1 |a Goncharov  |b I. V.  |c geologist  |c professor of Tomsk polytechnic university (TPU), doctor of geological and mineralogical sciences (DSc)  |f 1947-  |g Ivan Vasilyevich  |3 (RuTPU)RU\TPU\pers\30093  |9 14500 
701 1 |a Samoilenko (Samoylenko)  |b V. V.  |c geochemist  |c Leading engineer of Tomsk Polytechnic University, Candidate of geological-mineralogical sciences  |f 1981-  |g Vadim Valerievich  |3 (RuTPU)RU\TPU\pers\33274 
701 1 |a Veklich  |b M. A.  |g Maksim Aleksandrovich 
701 1 |a Zherdeva  |b A. V.  |g Aleksandra Valerievna 
701 1 |a Shadrina  |b E. S. 
712 0 2 |a Национальный исследовательский Томский политехнический университет  |b Инженерная школа природных ресурсов  |b Отделение геологии  |3 (RuTPU)RU\TPU\col\23542 
801 2 |a RU  |b 63413507  |c 20200713  |g RCR 
856 4 |u https://doi.org/10.3997/2214-4609.201902916 
942 |c CF